000 01196nam a2200289 i 4500
003 DO-SdBNP
005 20250627132924.0
007 ta
008 250627b2000 dr ||||| |||| 00| 0 spa d
040 _aDO-SdBNP
_bspa
_cBNPHU
_erda
041 _aspa
082 4 _axxx
_bR426c
_222
110 1 _aRepública Dominicana.
_bSuperintendencia de Valores
_914843
245 1 0 _aCompendio de estudio :
_bpreparatorio para el examen de corredores impartido por la Superintendencia de Valores de la República Dominicana /
_cSuperintendencia de Valores ; introducción, Gabriel Castro ; director, Fernando Barrero ; contenido, Luis A. Veras ; apoyo técnico, Roberto Arias.
264 _aSanto Domingo, República Dominicana :
_bSuperintendencia de Valores,
_c200?.
300 _a325 páginas ;
_c28 cm.
336 _atexto
_btxt
_2rdacontent
337 _asin mediación
_bn
_2rdamedia
338 _avolumen
_bnc
_2rdacarrier
590 _aInventariado, 2025 /LP
700 1 _aCastro, Gabriel
_eautor de introducción
_4introd.
_988208
700 1 _aBarrero, Fernando,
_edirector
_4di
_988209
700 1 _aVeras, Luis A.
_988210
700 1 _aArias, Roberto
_975979
910 _aLP
942 _2ddc
_cLBS1
999 _c59391
_d59391